Normal view
MARC view
- الاسلام والاشتراكية- الاسلام والمذاهب السياسية
Entry Topical Term
001 - CONTROL NUMBER
- control field: 41206
003 - CONTROL NUMBER IDENTIFIER
- control field: JO-AjAnu
005 - DATE AND TIME OF LATEST TRANSACTION
- control field: 20230606080839.0
008 - FIXED-LENGTH DATA ELEMENTS
- fixed length control field: 230606|| aca||aabn | a|a d
040 ## - CATALOGING SOURCE
- Original cataloging agency: JO-AjAnu
- Transcribing agency: JO-AjAnu
150 ## - HEADING--TOPICAL TERM
- Topical term or geographic name entry element: الاسلام والاشتراكية- الاسلام والمذاهب السياسية
670 ## - SOURCE DATA FOUND
- Source citation: Work cat.: (JO-AjAnu)21117: البدري، عبد العزيز, author 41205, حكم الإسلام في الإشتراكية